00466nam a2200085Ia 4500008004100000245002500041300024400066650001600310856005400326170517s9999 xx 000 0 und d aChildren of Darkness aThis is an Oscar nominated 1983 documentary film exploring the issue of mentally ill children and the institutions they lived in. The film not only exposed the abuse in mental institutions but it also educated people that mental illness... xTechnology. uhttp://topdocumentaryfilms.com/children-darkness/